The victim/offender reconciliation program: a message to correctional reformers
| Authors: | ; |
|---|---|
| Format: | Print Article |
| Language: | English |
| Published: |
1983
|
| In: |
University of Toronto law journal
Year: 1983, Volume: 33, Pages: 315-347 |
| Availability in Tübingen: | Present in Tübingen. IFK: 5856 |
| Check availability: | HBZ Gateway |
| Keywords: |
MARC
| LEADER | 00000caa a22000002c 4500 | ||
|---|---|---|---|
| 001 | 1639211551 | ||
| 003 | DE-627 | ||
| 005 | 20220608124409.0 | ||
| 007 | tu | ||
| 008 | 130704s1983 xx ||||| 00| ||eng c | ||
| 035 | |a (DE-627)1639211551 | ||
| 035 | |a (DE-576)386804745 | ||
| 035 | |a (DE-599)BSZ386804745 | ||
| 040 | |a DE-627 |b ger |c DE-627 |e rakwb | ||
| 041 | |a eng | ||
| 100 | 1 | |a Dittenhoffer, Tony |4 aut | |
| 245 | 1 | 4 | |a The victim/offender reconciliation program |b a message to correctional reformers |c Tony Dittenhoffer; Richard V. Ericson |
| 264 | 1 | |c 1983 | |
| 336 | |a Text |b txt |2 rdacontent | ||
| 337 | |a ohne Hilfsmittel zu benutzen |b n |2 rdamedia | ||
| 338 | |a Band |b nc |2 rdacarrier | ||
| 700 | 1 | |a Ericson, Richard Victor |d 1948-2007 |0 (DE-588)132359855 |0 (DE-627)521904595 |0 (DE-576)160877814 |4 aut | |
| 773 | 0 | 8 | |i In |a University of Toronto |t University of Toronto law journal |d Toronto, Ont. : Univ. of Toronto Press, 1935 |g 33(1983), Seite 315-347 |w (DE-627)130439746 |w (DE-600)701402-8 |w (DE-576)015939286 |x 0042-0220 |7 nnas |
| 773 | 1 | 8 | |g volume:33 |g year:1983 |g pages:315-347 |
| 951 | |a AR | ||
| ELC | |b 1 | ||
| LOK | |0 000 xxxxxcx a22 zn 4500 | ||
| LOK | |0 001 3299585959 | ||
| LOK | |0 003 DE-627 | ||
| LOK | |0 004 1639211551 | ||
| LOK | |0 005 20130704121113 | ||
| LOK | |0 008 130704||||||||||||||||ger||||||| | ||
| LOK | |0 040 |a DE-21-110 |c DE-627 |d DE-21-110 | ||
| LOK | |0 689 |a s |a Täter-Opfer-Ausgleich | ||
| LOK | |0 689 |a s |a Strafvollzugsreform | ||
| LOK | |0 689 |a g |a Kanada | ||
| LOK | |0 852 |a DE-21-110 | ||
| LOK | |0 852 1 |c 5856 |m p |9 00 | ||
| LOK | |0 935 |a k110 | ||
| LOK | |0 938 |k p | ||
| LOK | |0 939 |a 04-07-13 |b l01 | ||
| ORI | |a SA-MARC-krimdoka001.raw | ||
| SIG | |a IFK: 5856 | ||
